000 00692nam a2200229 i 4500
001 41308
003 ES-MaACL
005 20250804072407.0
007 t|
008 030310s1973 sp ||||1| spa d
020 _a84-206-1434-3
080 _a820-311.2"19"
100 1 _aCary, Joyce.
_935977
245 1 3 _aLa boca del caballo /
_cJoyce Cary ; [traductor, Narciso Pousa].
260 _aMadrid :
_bAlianza Editorial,
_c[1973]
300 _a464 p. ;
_c18 cm.
490 1 _aEl libro de bolsillo. Literatura ;
_v434
700 1 _aPousa, Narciso.
_993471
830 1 3 _aEl libro de bolsillo.
_pLiteratura
_v434
_9180913
852 _aES-MaACL
_jC-50048
999 _c41308
_d41308